LEADER 00817nam0-2200277 --450 001 9910855996003321 005 20240603174506.0 010 $a0080069894 100 $a20240603d1970----kmuy0itay5050 ba 101 0 $aeng 102 $aGB 105 $a 001yy 200 1 $aEnzymatic methods of analysis$fby George G. Guilbault 210 $aOxford $cPergamon Press$d1970 215 $aXV, 347 p.$d23 cm. 225 1 $aInternational series of monographs in analytical chemistry$v34 610 0 $aEnzimi$aAnalisi 676 $a572.7$v20$zita 700 1$aGuilbault,$bGeorge G.$0746816 801 0$aIT$bUNINA$gREICAT$2UNIMARC 901 $aBK 912 $a9910855996003321 952 $aA MIC 1796$b8596/2024$fFAGBC 959 $aFAGBC 996 $aEnzymatic methods of analysis$94161281 997 $aUNINA